000 00598cam a2200205 4500500
005 20260405003203.0
041 _afre
042 _adc
100 1 0 _aN’Diaye, Aïda
_eauthor
245 0 0 _aLe Grand Vertige
260 _c2020.
500 _a67
690 _aBruno Latour
690 _aNature
690 _aPierre Ducrozet
690 _aPlante
690 _aRéchauffement climatique
786 0 _nPhilosophie magazine | 145 | 1 | 2020-12-01 | p. 72-72 | 1951-1787
856 4 1 _uhttps://shs.cairn.info/magazine-philosophie-magazine-2020-12-1-page-72?lang=fr&redirect-ssocas=7080
999 _c2065143
_d2065143